Statistics for R Answers Quiz #2

Click here to take the quiz!

General Stats

  • This quiz has been taken 38,488 times
    (25,253 since last reset)
  • The average score is 14 of 22

Answer Stats

ClueAnswer% Correct
Type of precious stoneRuby
95%
Fairy tale character with very long hairRapunzel
93%
Swiss luxury watch brandRolex
88%
Earthquake measurement scaleRichter
84%
French for redRouge
81%
Currency of RussiaRuble
81%
Light-sensitive inner layer of the eyeRetina
79%
Latin for "King" or a common
name for a dog
Rex
73%
Board game of world dominationRisk
72%
Tallest type of treeRedwood
69%
Where Amy Winehouse didn't want
to go (no, no, no)
Rehab
68%
Last book of the BibleRevelation
59%
Term for a language that evolved
from Latin
Romance
59%
ADHD medicationRitalin
51%
Swiss Family ______Robinson
50%
Volcano near Seattle or former
prince of Monaco
Rainier
49%
Type of dueling sword or witRapier
44%
Country singer McEntireReba
43%
Famous Oxford scholarshipRhodes
43%
Female riveter of WWIIRosie
42%
Fleetwood Mac's best-selling albumRumours
38%
Brightest star in the Orion constellationRigel
18%

Score Distribution

Percentile by Number Answered

Percent of People with Each Score

Your Score History

You have not taken this quiz since the last reset